ជម្លោះ / (Record no. 1639)

MARC details
000 -LEADER
fixed length control field 01414nam a22002897a 4500
001 - CONTROL NUMBER
control field 1639
003 - CONTROL NUMBER IDENTIFIER
control field FISKH
005 - DATE AND TIME OF LATEST TRANSACTION
control field 20230912122018.0
008 - FIXED-LENGTH DATA ELEMENTS--GENERAL INFORMATION
fixed length control field 230912b cb ||||| |||| 00| 0 khr d
020 ## - INTERNATIONAL STANDARD BOOK NUMBER
International Standard Book Number 9789924341499
040 ## - CATALOGING SOURCE
Original cataloging agency FISKH
Language of cataloging eng
Transcribing agency FISKH
Modifying agency FISKH
082 ## - DEWEY DECIMAL CLASSIFICATION NUMBER
Classification number 302.23
100 ## - MAIN ENTRY--PERSONAL NAME
Personal name Boujon, Claude
245 ## - TITLE STATEMENT
Title ជម្លោះ /
Statement of responsibility, etc. និពន្ធ និងគូររូបដោយ ក្លូដ ប៊ូហ្សុង - បកប្រែពីភាសាបារាំងដោយ អ៊ូច សូលីដា
260 ## - PUBLICATION, DISTRIBUTION, ETC.
Place of publication, distribution, etc. Paris :
Name of publisher, distributor, etc. Sipar,
Date of publication, distribution, etc. 2022.
300 ## - PHYSICAL DESCRIPTION
Extent 36 pages :
Other physical details color illustrations ;
Dimensions 15 × 19 cm
490 ## - SERIES STATEMENT
Series statement តស់អាន!
505 ## - FORMATTED CONTENTS NOTE
Formatted contents note J<br/>
520 ## - SUMMARY, ETC.
Summary, etc. លោកត្នោត និងលោកប្រផេះរស់នៅជិតគ្នា។ បន្តិចម្ដងៗ ពួកគេឈ្លោះគ្នាកាន់តែខ្លាំងឡើងៗ ហើយក៏មានកញ្ជ្រោងមួយមកដល់។
520 ## - SUMMARY, ETC.
Summary, etc. Mr. Brown and Mr. Gray live close to each other. Gradually, they quarreled more and more, and then a fox came.
521 8# - TARGET AUDIENCE NOTE
Target audience note 500<br/>
Source Lexile estimate<br/>
521 8# - TARGET AUDIENCE NOTE
Target audience note J<br/>
Source Raz-Plus<br/>
650 ## - SUBJECT ADDED ENTRY--TOPICAL TERM
Topical term or geographic name entry element ទន្សាយ
Form subdivision ជម្លោះ
General subdivision ជនទី៣
650 ## - SUBJECT ADDED ENTRY--TOPICAL TERM
Topical term or geographic name entry element Rabits
Form subdivision Argument
General subdivision Third person
700 ## - ADDED ENTRY--PERSONAL NAME
Personal name Boujon, Claude
Relator term illustrator
942 ## - ADDED ENTRY ELEMENTS (KOHA)
Source of classification or shelving scheme Dewey Decimal Classification
Koha item type Khmer Books
Suppress in OPAC No
Holdings
Withdrawn status Lost status Source of classification or shelving scheme Damaged status Not for loan Collection Home library Current library Shelving location Date acquired Total Checkouts Full call number Barcode Date last seen Date last checked out Copy number Price effective from Koha item type
    Dewey Decimal Classification     Khmer Language Books / សៀវភៅភាសាខ្មែរ Footprints International School Library Network Toul Kork Campus Footprints International School Library Network Toul Kork Campus TK Campus, Room B402, Khmer Book Case 16, Shelves 112-123 / ទូរសៀវភៅខ្មែរលេខ ១៦​ ធ្នើរ ១១២ ដល់ ១២៣ បន្ទប់ B402 សាខាទួលគោក 09/12/2023 2 BOU 302.23 2023-0587 03/02/2026 02/02/2026 1 09/12/2023 Khmer Books
    Dewey Decimal Classification     Khmer Language Books / សៀវភៅភាសាខ្មែរ Footprints International School Library Network Toul Kork Campus Footprints International School Library Network Toul Kork Campus TK Campus, Room B402, Khmer Book Case 16, Shelves 112-123 / ទូរសៀវភៅខ្មែរលេខ ១៦​ ធ្នើរ ១១២ ដល់ ១២៣ បន្ទប់ B402 សាខាទួលគោក 09/12/2023 3 BOU 302.23 2023-0588 08/29/2025 08/07/2025 2 09/12/2023 Khmer Books